Erfolgreichste deutsche Musiker/Musikbands - Statistiken

Allgemein
  • Dieses Quiz wurde 402 mal gespielt
  • Das Durchschnittsergebnis liegt bei 13 aus 20
Antwortstatistiken
Bildquiz Antwort % Korrekt
Dieter Bohlen
98%
Cro
96%
Helene Fischer
93%
Mark Forster
91%
Udo Lindenberg
91%
Herbert Grönemeyer
85%
Sido
85%
Peter Maffay
84%
Till Lindemann/ Rammstein
77%
Apache 207
74%
Campino/Tote Hosen
61%
Farin Urlaub/ Die Ärzte
61%
Die Flippers
57%
Hartmut Engler/ Pur
43%
Bonez MC/187
37%
Wolfgang Petry
33%
Robin Schulz
30%
Beatzarre/SDP
26%
Rolf Zuckowski
26%
Marius-Müller Westerhagen
18%
Keine übereinstimmenden Quizze gefunden
Verteilung der Resultate
Anzahl Personen mit jedem Resultat
Perzentil nach korrekt beantworteten Fragen
Ihre Resultats-Entwicklung
Sie haben dieses Quiz noch nicht gespielt